| 000 | 01499nam0a22003371 4500 | ||
|---|---|---|---|
| 001 | RU\INFOCOMM_318\5000028311 | ||
| 005 | 20250613103348.0 | ||
| 035 | _a(NLR Aleph) 009465317 | ||
| 090 |
_a8492324 _c8492324 |
||
| 100 | _a20121031d1993 |||y0rusy50 ca | ||
| 101 | 0 | _aeng | |
| 102 | _aRU | ||
| 105 | _ay z ||||| | ||
| 200 | 1 |
_aHigh charged ions from the special modification of the MEVVA ion source _fV. A. Batalin, Yu. N. Volkov, T. V. Kulevoy, S. V. Petrenko |
|
| 210 |
_aМосква _cИн-т теорет. и эксперим. физики _d1993 |
||
| 215 |
_a6 с. _cил. _d20 см |
||
| 300 | _aВ вып. дан.: Получение высокоразрядных ионов в вакуумно-дуговом источнике ионов металла (ВДИИМ) с каналом дрейфа плазмы и электронным пучком от независимой электронной пушки / В. А. Баталин и др. | ||
| 320 | _aБиблиогр.: с. 6 | ||
| 606 | 0 |
_aИонные источники вакуумно-дуговые _91217860 _3RU\NLR\AUTH\66495142 |
|
| 686 |
_aВ338.411 _2rubbk |
||
| 701 | 1 |
_aBatalin _bV. A. |
|
| 701 | 1 |
_9z01790 _aVolkov _bJu. N. |
|
| 701 | 1 |
_9z02790 _aKulevoj _bT. V. |
|
| 701 | 1 |
_aPetrenko _bS. V. |
|
| 790 | 1 |
_9z01701 _aVolkov _bYu. N. _4070 |
|
| 790 | 1 |
_9z02701 _aKulevoy _bT. V. _4070 |
|
| 801 | 1 |
_aRU _bNLR _c20121031 |
|
| 801 | 0 |
_aRU _bINFOCOMM _gPSBO |
|
| 852 |
_aNLR _jФз01 Д-4/6977 |
||
| 942 | _cBOOK | ||
| 980 | _aNB | ||